Tratado de Ciencia Política / (Record no. 37626)

MARC details
000 -LEADER
campo de control de longitud fija 00712nam a2200229 i 4500
001 - NÚMERO DE CONTROL
campo de control 37626
003 - IDENTIFICADOR DE NÚMERO DE CONTROL
campo de control ES-MaACL
005 - FECHA Y HORA DE LA ÚLTIMA TRANSACCIÓN
campo de control 20230906155620.0
007 - CAMPO FIJO DE DESCRIPCIÓN FÍSICA--INFORMACIÓN GENERAL
campo de control de longitud fija t|
008 - DATOS DE LONGITUD FIJA--INFORMACIÓN GENERAL
campo de control de longitud fija 030221s1980 mx ||||1| spa d
100 1# - ENTRADA PRINCIPAL--NOMBRE DE PERSONA
Nombre de persona Burdeau, Georges.
9 (RLIN) 32591
245 10 - MENCIÓN DEL TÍTULO
Título Tratado de Ciencia Política /
Mención de responsabilidad, etc. de Georges Burdeau ; traducción por Enrique Serna Elizondo.
250 ## - MENCION DE EDICION
Mención de edición 3ª ed.
260 ## - PUBLICACIÓN, DISTRIBUCIÓN, ETC.
Lugar de publicación, distribución, etc. México :
Nombre del editor, distribuidor, etc. Universidad Nacional Autónoma de México,
Fecha de publicación, distribución, etc. [1980]
300 ## - DESCRIPCIÓN FÍSICA
Extensión 268 p. ;
Dimensiones 23 cm.
490 1# - MENCIÓN DE SERIE
Mención de serie Cultura y sociedad
500 ## - NOTA GENERAL
Nota general Es el vol. I.
700 1# - ENTRADA AGREGADA--NOMBRE PERSONAL
Nombre de persona Serna Elizondo, Enrique.
9 (RLIN) 105578
830 0# - PUNTO DE ACCESO ADICIONAL DE SERIE-TÍTULO UNIFORME
Título uniforme Cultura y sociedad
9 (RLIN) 181729
852 ## - LOCALIZACIÓN
Ubicación ES-MaACL
Número de control de estantería L-1959
Sublocalización o colección R.102854
Holdings
Estatus retirado Estado de pérdida Estado de daño No para préstamo Biblioteca de origen Biblioteca actual Ubicación en estantería Fecha de adquisición Fuente de adquisición Total de préstamos Signatura topográfica completa Código de barras Visto por última vez Precio de reemplazo Tipo de ítem Koha
        Biblioteca del Ateneo de Madrid Biblioteca del Ateneo de Madrid Depósito 2 17/01/2008     L-1959 1039608 23/02/2023 23/02/2023 Libro impreso